| 000 | 00868nam a2200193 i 4500 | ||
|---|---|---|---|
| 001 | 32328 | ||
| 003 | ES-MaACL | ||
| 005 | 20230906154544.0 | ||
| 007 | t| | ||
| 008 | 030131s1948 sp ||||1| spa d | ||
| 100 | 1 |
_aBenito y Durán, Angel. _927697 |
|
| 245 | 1 | 3 |
_aEl hombre en sus pasiones y en su ordenación hacia el último fin según el Infante Don Juan Manuel en el libro del "Conde Lucanor" _b: discurso leído en la apertura del curso académico 1948-49 en el Instituto NAcional de Enseñanza Media "Maestro Juan de Avila" / _cAngel Benito y Durán. |
| 260 |
_aCiudad Real : _b[s.n., _c1948] ( _fImprenta Provincial) |
||
| 300 |
_a63 p. ; _c21 cm. |
||
| 490 | 1 | _aPublicaciones del Instituto de Estudios Manchegos | |
| 830 | 0 |
_aPublicaciones del Instituto de Estudios Manchegos _9229410 |
|
| 852 |
_aES-MaACL _j1499-F-18 _bR.26234 |
||
| 999 |
_c32328 _d32328 |
||